| 000 | 01281nam a2200313 a 4500 | ||
|---|---|---|---|
| 001 | ebr10019089 | ||
| 003 | CaPaEBR | ||
| 006 | m u | ||
| 007 | cr cn||||||||| | ||
| 008 | 011101s2002 hiu sb s001 0 eng | ||
| 010 | _z 2001052820 | ||
| 020 | _z0824825233 (alk. paper) | ||
| 040 |
_aCaPaEBR _cCaPaEBR |
||
| 035 | _a(OCoLC)614629921 | ||
| 050 | 1 | 4 |
_aKNX42.T45 _bM58 2002eb |
| 082 | 0 | 4 |
_a345.52/02323 _221 |
| 100 | 1 | _aMitchell, Richard H. | |
| 245 | 1 | 0 |
_aJustice in Japan _h[electronic resource] : _bthe notorious Teijin scandal / _cRichard H. Mitchell. |
| 260 |
_aHonolulu : _bUniversity of Hawai'i Press, _cc2002. |
||
| 300 | _axiii, 264 p. | ||
| 504 | _aIncludes bibliographical references (p. 243-255) and index. | ||
| 533 |
_aElectronic reproduction. _bPalo Alto, Calif. : _cebrary, _d2013. _nAvailable via World Wide Web. _nAccess may be limited to ebrary affiliated libraries. |
||
| 650 | 0 | _aTeijin case, 1934. | |
| 650 | 0 |
_aTrials (Bribery) _zJapan _zTokyo _xHistory _y20th century. |
|
| 650 | 0 |
_aPolitical corruption _zJapan _xHistory _y20th century. |
|
| 655 | 7 |
_aElectronic books. _2local |
|
| 710 | 2 | _aebrary, Inc. | |
| 856 | 4 | 0 |
_uhttp://site.ebrary.com/lib/rucke/Doc?id=10019089 _zAn electronic book accessible through the World Wide Web; click to view |
| 999 |
_c24012 _d24012 |
||